Jóvenes: una masa de seres que mueren antes de llegar a adultos. Entrevista con Alain Touraine /
Պահպանված է:
| Հիմնական հեղինակ: | |
|---|---|
| Այլ հեղինակներ: | |
| Ձևաչափ: | Տեքստ |
| Ցուցիչներ: |
Ավելացրեք ցուցիչ
Չկան պիտակներ, Եղեք առաջինը, ով նշում է այս գրառումը!
|
MARC
| LEADER | 00000 a a2200000 04500 | ||
|---|---|---|---|
| 001 | 15471 | ||
| 003 | |||
| 040 | |||
| 100 | |a Rovirosa Madrazo, Citlati | ||
| 245 | |a Jóvenes: una masa de seres que mueren antes de llegar a adultos. Entrevista con Alain Touraine / |c Citlati Rovirosa Madrazo | ||
| 500 | |a Realizada en París, 1986 | ||
| 700 | |a Touraine, Alain | ||
| 773 | |g número 1; páginas 217-224 | ||
| 999 | |c 22899 |d 22899 | ||
